000 00255nam a22001097a 4500
008 160519b xxu||||| |||| 00| 0 eng d
020 _a0030124115
041 _aeng
080 _a573
245 _aComparative physiology:
_cLeon Goldstein;
942 _2udc
_cBK
999 _c2258
_d2258